01386cam a22003255i 4500999001500000003000900015005001700024008004100041020001500082020001800097040004300115082002100158100005900179245023600238250001900474264006500493300004600558336002600604337002800630338002700658504005100685650003800736650005200774651001000826653002500836700003900861700004200900942000700942952011100949 c1075d1075EG-ScBUE20191117112345.0110619s2003 si a f b 001 0 eng d a9812406484 a9789812406484 aEG-ScBUEbengerdacEG-ScBUEdEG-ScBUE04a658.403bAND2221 aAnderson, David R.‏q(David Ray),‏d1941-eauthor.13aAn introduction to management science :bquantitative approaches to decision making /cDavid R. Anderson, University of Cincinnati, Dennis J. Sweeney, University of Cincinnati, Thomas A. Williams, Rochester Institute of Technology. aTenth edition. 1aSingapore :bThomson Asia :bThomson / South-Western,c2003. axxiv, 881 pages :billustrations ;c27 cm atextbtxt2rdacontent aunmediatedbn2rdamedia avolumebnc2rdacarrier aIncludes bibliographical references and index. 7aManagement science.2BUEsh925478 7aManagement sciencexMathematical models.2BUEsh 2BUEsh bBUSADMcNovember20191 aSweeney, Dennis J.eauthor.9254791 aWilliams, Thomas A. d1944- eauthor. cBB 00102ddc4070aMAINbMAINc1STd2006-08-20ePurchasel0o658.403 ANDp000003422r2025-07-15 00:00:00yBB